00771nam a2200241 a 4500001001300000003000900013005001700022008004100039020002300080082001700103100002600120245007600146260004600222300000800268500003500276505002500311650001500336700002600351902000800377942000700385952012000392999001700512nice12345678IN_TiNIC20260116015057.0050524s1998 amsa grp 000 0 eng  a9053837 c10000a330.122bWAR aWarren, James Francis aSulu Zoneb the World Capitalist Economy and the Historical Imagination aAmsterdambCentre for Asian Studiesc1998 a71p aincludes index and biblioraphy2 aXerox and Bound Copy aCapitalism1 aWarren, James Francis bSRS cBK 001040708StackRoom-aHMIbHMId2007-04-30g100.00l0o330.122 WARp11000500r2007-04-30v100.00w2005-05-24yBK c18220d18220